Des sports de A à Z - Statistiques

Statistiques générales
  • Ce quiz a été pris 373 fois
  • Le résultat moyen est 10 sur 26
Statistiques - réponses
Lettre Définition Sport % Correct
N Discipline de bassin Natation
84%
T Ping pong géant Tennis
71%
Z Danse latine qui fait suer ! Zumba
65%
L Sport antique Lutte
62%
M Epreuve de longue haleine Marathon
62%
S Lutte de massifs à Tokyo Sumo
61%
I Triathlon pour supers champions Ironman
60%
H Jeu de mains à l'allemande Handball
55%
B Ses champions sont des as du volant Badminton
49%
Y Sport de postures Yoga
49%
A Dans ce sport on a toujours son avenir dans le dos Aviron
47%
Q Course de motos tout-terrain Quad
46%
E Nécessitait une bombe Equitation
44%
C Il faut un bon batteur pour y jouer Cricket
42%
K Art martial chinois Kungfu
35%
G Chaque joueur donne des coups Golf
33%
F Petite course Footing
31%
R Course de vitesse entre bateaux Régate
26%
D Pourquoi 1 ? 10 c'est mieux Décathlon
25%
V Sport de glisse Voile
16%
J Combat à la lance Joutes
13%
U Jeu de tartes Ultimate
7%
P Saut en hauteur Parachutisme
4%
O Se joue avec un très gros ballon Omnikin
2%
W Boxe chinoise Wushu
1%
X Type de pelote Xare
1%
Aucun quiz correspondant
Distribution des résultats
% des personnes avec chaque résultat
Percentile par nombre de réponses
Votre historique - résultats
Vous n’avez pas pris ce quiz